• 首页
  • 本馆介绍
  • 公告通知
  • 最新文献
  • 馆藏检索
  • 电子资源
  • 读者导购
  • 参考咨询
  • 我的图书馆
  • 登录
  • 详细信息显示
  • 放入我的书架
  • 预约/预借图书
  • 作者相关作品
  • 分类相关作品
  • 丛书相关作品
  • 出版社相关作品

书目信息

  • 表格格式
  • 工作单格式
  • 卡片格式
题名:
新财务审计实务
    
 
作者: 黄志邦 , 曾洪波 编著
分册:  
出版信息: 北京   中国审计出版社  1993.8
页数: 245页
开本: 20cm
丛书名: 新财务会计审计实务丛书
单 册:
中图分类: F239.41
科图分类: 29.7128
主题词: 企业管理--财务管理--审计 , 企业管理 , 财务管理 , 审计
电子资源:
ISBN: 978-7-80064-255-5
000 00857oam2 2200301 450
001 0193044493
005 20100713011441.0
010    @a978-7-80064-255-5@dCNY9.00
100    @a19931028d1993 em y0chiy0110 ea
101 0  @achi
102    @aCN@b110000
105    @ay z 000yy
106    @ar
200 1  @a新财务审计实务@9Xin Cai Wu Shen Ji Shi Wu @f黄志邦,曾洪波编著
210    @a北京@c中国审计出版社@d1993.8
215    @a245页@d20cm
225 2  @a新财务会计审计实务丛书@f易仁萍主编@v5
461  0 @12001 @a新财务会计审计实务丛书
606 0  @a企业管理@x财务管理@x审计
606 0  @a企业管理
606 0  @a财务管理
606 0  @a审计
690    @aF239.41@v三版
692    @a29.7128
701  0 @a黄志邦@9huang zhi bang@4编著
701  0 @a曾洪波@9zeng hong bo@4编著
801  0 @aCN@b91MARC@c20130904
905    @aBZT@dF239.41@e1@f2@sF239.41/1
    
    新财务审计实务/黄志邦,曾洪波编著.-北京:中国审计出版社,1993.8
    245页;20cm.-(新财务会计审计实务丛书/易仁萍主编;5)
    
    
    ISBN 978-7-80064-255-5:CNY9.00
    
●
相关链接 在五车中查询图书 在当当中查询图书 在豆瓣中查询图书


正题名:新财务审计实务     索取号:F239.41/1         预约/预借

序号 登录号 条形码 馆藏地/架位号 状态 备注
1 2000112216   2000112216   旧书回溯/ [索取号:F239.41/1] 在馆    
2 2000112217   2000112217   旧书回溯/ [索取号:F239.41/1] 在馆    
山东省滨州职业学院图书馆 欢迎您!
大连网信软件有限公司© 版权所有